| 000 | 00674cam a2200229 4500 | ||
|---|---|---|---|
| 001 | 1252650 | ||
| 005 | 20180208033146.0 | ||
| 008 | 730817s1973 kyua b 100 0 eng | ||
| 010 | _a 73077254 | ||
| 020 | _a0813112931 | ||
| 040 |
_aDLC _cDLC _dDLC _dICU _dDLC |
||
| 041 | _aeng | ||
| 080 | _a539.74 DAV | ||
| 082 | 0 | 0 | _a539.74 DAV |
| 100 | _a43 | ||
| 101 | _aFIZ | ||
| 245 | 0 | 0 |
_aFifth Symposium on the Structure of Low-Medium Mass Nuclei. _cEdited by J. P. Davidson & Bernard D. Kern. |
| 504 | _aIncludes bibliographical references. | ||
| 740 | 0 | _aStructure of low-medium mass nuclei. | |
| 906 |
_a7 _bcbc _corignew _d2 _eopcn _f19 _gy-gencatlg |
||
| 942 |
_2ddc _cBK |
||
| 999 |
_c42066 _d42066 |
||